=LDR 00000nam 2200000 4500 =001 INLIS000000000053375 =005 20200311032316 =035 ##$$a 0010-0918000007 =007 ta =008 200311################g##########0#ind## =020 ##$$a 978-602-8739-27-6 =082 ##$$a 261.705 958 07 =084 ##$$a 261.705 958 07 DIN d =245 1#$$a Dinamika agama lokal di Indonesia /$c editor Suhanah =260 ##$$a Jakarta :$b Badan Litbang dan Diklat,$c 2014 =300 ##$$a xxxiv,292 hlm. ; $c 21 cm =650 #4$$a Agama lokal - Indonesia- Penelitian =100 #$$a Suhanah =504 ##$$a Bibliografi : hlm.287-288 =520 ##$$a Indeks ; hlm.:289-290 =520 ##$$a Biografi editor ; hlm.:291 =990 ##$$a 31500327 =990 ##$$a 31500327